Vidiek a politika trhu práce na Slovensku

Bibliographic Details
Main Author: Buchta, Stanislav, 1947- (Author)
Format: Article
Language:Slovak
PhysicalDescription:Tab.
Subjects:

MARC

LEADER 00000nab a2200000 a 4500
001 vtls000688682
003 SK-MaSNL
005 20260302181621.0
008 180206c1999 xo 0 slo
015 |a SNBRB1999/03-05229 
035 |a CLN000040849 
040 |a SNKBUCL  |b slo  |c SNKBUCL  |e AACR2 
041 0 |a slo 
044 |a xo  |c SK 
080 |a 331.5.024.5(437.6)  |2 UDC-MRF-SK2 
080 |a 332.1(437.6)  |2 UDC-MRF-SK2 
100 1 |a Buchta, Stanislav,  |d 1947-  |4 aut  |9 101322 
245 1 0 |a Vidiek a politika trhu práce na Slovensku  |c Stanislav Buchta 
300 |b Tab. 
650 0 7 |a vidiek  |x trh práce  |x politika zamestnanosti  |z Slovensko  |2 snkbucl  |9 892519 
650 0 7 |a trh práce  |2 snkbucl  |9 2371 
651 7 |a Slovensko  |x politika zamestnanosti  |2 snkbucl  |9 891245 
655 7 |a články z novín a časopisov  |2 snkbucl  |9 267496 
773 0 |t Roľnícke noviny  |g Č. 47 (10.3.1999) 
773 0 |t [Príl.] Beseda  |g Roč. 6, s. A4-A5 
850 |a Slovenská národná knižnica v Martine 
852 |a SNK  |b KIS3GCP 
958 |a RBX 
999 |c 1414846  |d 1416776